Регионална библиотека "Любен Каравелов" - Русе

Домът на мис Перигрин за чудати деца (Запис номер 154440)

MARC детайли
000 -Лидер
Лидер 01142nam a2200301 a 4500
003 - Код на организацията, давaща контролен номер
Код на организацията, даваща контролен номер BLK
005 - Дата и час на последна редакция
Дата и час на последна редакция 20250221130331.0
008 - Елементи от данни с фиксирана дължина
Елементи с фиксирана дължина 180410b bul|||||r ||||||| ||bul||
020 ## - Международен стандартен номер на книга ISBN
ISBN 9789546554727
040 ## - Източник на каталожния запис
Код на библиотеката BLK
041 ## - Код за език
Език Български
Език за КДБФ Български
080 ## - УДК
УДК текст Американска литература (на САЩ)
УДК код 821.111(73)
УДК – определител -312.9
УДК – код + определител 821.111(73)-312.9
100 1# - Редна дума - Автор
Автор Ригс, Рансъм
R(LIN) 332447
245 10 - Сведения за заглавието
Заглавие Домът на мис Перигрин за чудати деца
Подзаглавни данни Роман
Авторска отговорност Рансъм Ригс; прев. Елика Рафи.
257 ## - Страна на издаване
Страна на създаване/издаване Съединени американски щати
260 ## - Област на издателските данни
Име на издателя Бард
Година на издаване 2014
300 ## - Физическа характеристика
Брой страници 364 с.
Илюстрации със сн.
Размер 22 см
380 ## - Жанр
Жанр Худож. лит.
500 ## - Общи забележки
Обща забележка Ориг. загл. Miss Peregrine's Home for Peculiar Children / Ransom Riggs. - Кн. 1 за чудатите деца на мис Перигрин.
700 1# - Други автори (авторска отговорност)
Друг автор Рафи, Елика
Авт. отговорност на др. автор прев.
9 (RLIN) 365144
852 ## - Местоположение
Сигнатура (форматна) Цб 268910
852 ## - Местоположение
Сигнатура (форматна) 821-31/Р 58 Р
Отдел Заемна - подръчен фонд
856 4# - Електронен адрес и достъп
Електронен формат pdf - файл
856 4# - Електронен адрес и достъп
Електронен формат pdf - файл
942 ## - АРТИКУЛИ
Вид на библиотечния документ Книги
Скрит в OPAC Не
Koha issues (borrowed), all copies 1
944 ## - СЪЗДАВАНЕ И РЕДАКЦИЯ на ЗАПИСА
Създаване/Редакция Редакция
Дата на регистрацията/редакция 07.03.2018
Номер на служител Цветелина Шанова
Служител, извършил регистрацията/редакцията 30531
999 ## - СИСТЕМНИ КОНТРОЛНИ НОМЕРА
Koha biblionumber 154440
Koha biblioitemnumber 154440
Наличности
Код за отписване Код за изгубен артикул Източник на класификационната схема Код за повреда Коз за рестрикции Код за отдаване Артикулен № Име на библиотеката - собственик Име на библиотеката, в която се намира в момента Статус (Текущо местоположение) Дата на вписване в системата Местоположение - отдел Цена в лева Инвентарен номер Систематично азбучна сигнатура Баркод Номер на екземпляра Цена в евро Служебна бележка Служебен тип на артикула
  Не е изгубен Universal Decimal Classification Не е повреден без рестрикции заемане за дома 258871 Регионална библиотека "Любен Каравелов" Русе Регионална библиотека "Любен Каравелов" Русе Заемна - подръчен фонд 2014-05-23 Заемна - подръчен фонд 17.14 120000777549 П 820(73)-31/Р 58 120000777549 1 8.76 Дост: Pk Вид: Ф N: 316 Дата: 21.05.2014 Дата инв: 26.02.2018 Бележки инв: П2018 Книги
  Не е изгубен   Не е повреден без рестрикции ползва се в читалня 258872 Регионална библиотека "Любен Каравелов" Русе Регионална библиотека "Любен Каравелов" Русе Хранилище 2015-08-22 Хранилище 21.99 120000791214 Цб 268910 120000791214 2 11.24 Дост: Dp Вид: Д N: 18 Дата: 16.04.2015 Книги
  Не е изгубен Universal Decimal Classification Не е повреден   заемане за дома 949992 Регионална библиотека "Любен Каравелов" Русе Регионална библиотека "Любен Каравелов" Русе Заемна - подръчен фонд 2024-09-30 Заемна - подръчен фонд 24.99 120000913351 821-31/Р 58 Р 120000913351   12.78   Книги
Vip Innovations Ltd, Rousse, Bulgaria 2025